Haandbog over Danmarks staalstukne frimaerker, 1933-1948 (Record no. 2004)

000 -LEADER
fixed length control field 00713nam a22000977a 4500
008 - FIXED-LENGTH DATA ELEMENTS--GENERAL INFORMATION
fixed length control field 160509b xxu||||| |||| 00| 0 eng d
100 ## - MAIN ENTRY--AUTHOR'S NAME
Author's Name Juhl, Mogens
245 ## - TITLE STATEMENT
Title Haandbog over Danmarks staalstukne frimaerker, 1933-1948
260 ## - PUBLICATION, DISTRIBUTION, ETC. (IMPRINT)
Place of publication, distribution, etc. Kobenhavn
Name of publisher, distributor, etc. M. Juhl (J.H. Schultz Universitetsbogtrykkeri A/S
Date of publication, distribution, etc. 1948
650 ## - TOPICAL TERM (Tag)
Topical term or geographic name Denmark | 1933-1948 | 20th Century | Production | Engraving | Errors and Varieties | Printing | Sheets and Panes | Definitive Issues | Booklets and Minipacks | Commemorative Issues | Parcel Post | Semi-postal Issues | Plate Blocks and Numbers | Marginal Markings and Imprints | Blocks | Provisionals and Forerunners Overprints and Surcharges | Faroe Islands | Greenland | Island | Catalogs and Price Lists
Holdings
Withdrawn status Lost status Source of classification or shelving scheme Damaged status Koha normalized classification for sorting Not for loan Permanent Location Current Location Date acquired Total Checkouts Full call number Barcode Date last seen Price effective from
        G6920 A1 J937   Northern Philatelic Library Northern Philatelic Library 05/09/2016   G6920 A1 J937 1002330 05/09/2016 05/09/2016

Powered by Koha